Հայաստան. Արարչագործությունից մինչև Երկրորդ Գալուստ : (Record no. 367136)
[ view plain ]
| 000 -LEADER | |
|---|---|
| fixed length control field | 02013nam a2200361 a 4500 |
| 003 - CONTROL NUMBER IDENTIFIER | |
| control field | AM-YeHGA |
| 040 ## - CATALOGING SOURCE | |
| Original cataloging agency | AM-YeHGA |
| 090 ## - LOCALLY ASSIGNED LC-TYPE CALL NUMBER (OCLC); LOCAL CALL NUMBER (RLIN) | |
| -- | 369004 |
| 001 - CONTROL NUMBER | |
| control field | 001145187 |
| 005 - DATE AND TIME OF LATEST TRANSACTION | |
| control field | 20250617152236.0 |
| 008 - FIXED-LENGTH DATA ELEMENTS--GENERAL INFORMATION | |
| fixed length control field | 160505m20152020ai ab||gr|||||001|0|arm|| |
| 020 ## - INTERNATIONAL STANDARD BOOK NUMBER | |
| International Standard Book Number | 9789939740140 (Հտ. Ա.) |
| 020 ## - INTERNATIONAL STANDARD BOOK NUMBER | |
| International Standard Book Number | 9789939755137 (Հտ. Բ.) |
| 041 0# - LANGUAGE CODE | |
| Language code of text/sound track or separate title | arm |
| 100 1# - MAIN ENTRY--PERSONAL NAME | |
| Personal name | Արևշատյան, Աշոտ |
| Titles and words associated with a name | դպիր |
| 245 10 - TITLE STATEMENT | |
| Title | Հայաստան. Արարչագործությունից մինչև Երկրորդ Գալուստ : |
| Remainder of title | [4 հատորով] / |
| Statement of responsibility, etc. | Աշոտ դպիր Արևշատյան ; Խմբագրական կազմ՝ Մ. Մարտիրոսյան, Գ. Թերզայն, Լ. Թափալցյան, Կ. Մարտիրոսյան, Մ. Բաբայան. |
| 260 ## - PUBLICATION, DISTRIBUTION, ETC. | |
| Place of publication, distribution, etc. | Երևան : |
| Name of publisher, distributor, etc. | Աստղիկ գրատուն, |
| Date of publication, distribution, etc. | 2015- |
| -- | 2020. |
| 300 ## - PHYSICAL DESCRIPTION | |
| Extent | Հտ. ; |
| Dimensions | 24 սմ. |
| 504 ## - BIBLIOGRAPHY, ETC. NOTE | |
| Bibliography, etc. note | Մատենագիտություն՝ էջ 519-522 հայերեն և օտար լեզու: |
| 504 ## - BIBLIOGRAPHY, ETC. NOTE | |
| Bibliography, etc. note | Տողատակում՝ ծանոթագրություններով: |
| 505 10 - FORMATTED CONTENTS NOTE | |
| Miscellaneous information | Հտ. 1 (2015, 528 էջ, նկարներ, քարտեզներ) |
| 505 00 - FORMATTED CONTENTS NOTE | |
| Miscellaneous information | Հտ. 2 (2020, 672 էջ, նկ., քարտեզ.) |
| Statement of responsibility | Անգլ. թարգմ.՝ Ա. Հովհաննիսյան ; Սրբագրիչ՝ Կ. Մարտիրոսյան. |
| 650 14 - SUBJECT ADDED ENTRY--TOPICAL TERM | |
| Topical term or geographic name entry element | Աստվածաշունչ |
| General subdivision | Հայաստան |
| 651 #4 - SUBJECT ADDED ENTRY--GEOGRAPHIC NAME | |
| Geographic name | Հայաստան |
| General subdivision | Պատմություն |
| Form subdivision | Արարչագործությունից մինչև Երկրորդ Գալուստ |
| 700 1# - ADDED ENTRY--PERSONAL NAME | |
| Personal name | Մարտիրոսյան, Մինաս |
| Titles and other words associated with a name | քահանա |
| Relator term | խմբագիր |
| Relationship | edt |
| 700 1# - ADDED ENTRY--PERSONAL NAME | |
| Personal name | Թերզայն, Գայանե |
| Relator term | խմբագիր |
| Relationship | edt |
| 700 1# - ADDED ENTRY--PERSONAL NAME | |
| Personal name | Թափալցյան, Լիլիթ |
| Relator term | խմբագիր |
| Relationship | edt |
| 700 1# - ADDED ENTRY--PERSONAL NAME | |
| Personal name | Ալեքսանյան, Սասունիկ |
| Relator term | խմբագիր |
| Relationship | edt |
| 700 1# - ADDED ENTRY--PERSONAL NAME | |
| Personal name | Մարտիրոսյան, Կարմեն |
| Relator term | խմբագիր |
| Relationship | edt |
| Relator term | սրբագրիչ |
| Relationship | crr |
| 700 1# - ADDED ENTRY--PERSONAL NAME | |
| Personal name | Բաբայան, Մանվել |
| Relator term | խմբագիր |
| Relationship | edt |
| 700 1# - ADDED ENTRY--PERSONAL NAME | |
| Personal name | Հովհաննիսյան, Անահիտ |
| Relator term | թարգմանիչ |
| Relationship | trl |
| 942 ## - ADDED ENTRY ELEMENTS (KOHA) | |
| Source of classification or shelving scheme | Universal Decimal Classification |
| Koha item type | Գրքեր / Books |
| Withdrawn status | Lost status | Damaged status | Not for loan | Collection | Home library | Current library | Date acquired | Cost, normal purchase price | Shelving control number | Total checkouts | Full call number | Barcode | Date last seen | Price effective from | Koha item type | Public note | Serial enumeration / chronology |
|---|---|---|---|---|---|---|---|---|---|---|---|---|---|---|---|---|---|
| General | Fundamental Scientific Library | Fundamental Scientific Library | 11/01/2017 | 8600.00 | AII/101520 | FL0399214 | 11/01/2017 | 11/01/2017 | Գրքեր / Books | 30 Days Loan | |||||||
| General | Fundamental Scientific Library | Fundamental Scientific Library | 14/01/2021 | AII/106558 | FL0635900 | 14/01/2021 | 14/01/2021 | Գրքեր / Books | 30 Days Loan | Հ. 2 | |||||||
| General | Fundamental Scientific Library | Fundamental Scientific Library | 14/01/2021 | AII/106559 | FL0635901 | 14/01/2021 | 14/01/2021 | Գրքեր / Books | 30 Days Loan | Հ. 2 | |||||||
| General | Fundamental Scientific Library | Fundamental Scientific Library | 03/02/2021 | AII/106683 | FL0638199 | 03/02/2021 | 03/02/2021 | Գրքեր / Books | 30 Days Loan | Հ. 2 | |||||||
| General | Fundamental Scientific Library | Fundamental Scientific Library | 03/02/2021 | AII/106684 | FL0639258 | 03/02/2021 | 03/02/2021 | Գրքեր / Books | 30 Days Loan | Հ. 2 | |||||||
| General | Fundamental Scientific Library | Fundamental Scientific Library | 03/02/2021 | AII/106685 | FL0639259 | 03/02/2021 | 03/02/2021 | Գրքեր / Books | 30 Days Loan | Հ. 2 |
ՀՀ Գիտությունների ազգային ակադեմիայի հիմնարար գիտական գրադարան = Fundamental Scientific Library of NAS RA
All site content, except where otherwise noted, is licensed under a